Quiz sur l'AS Saint-Etienne (par lettre de A à Z) - Statistiques

Statistiques générales
  • Ce quiz a été pris 219 fois
  • Le résultat moyen est 16 sur 23
Statistiques - réponses
Lettre Indice Réponse % Correct
C Recrue hivernale qui a réalisé une énorme 2ème partie de saison Cardona
93%
L Gardien arrivé à la mi-saison 2022-2023 Larsonneur
85%
P Capitaine emblématique qui a fait toute sa carrière au club Perrin
85%
B Entraîneur avant l'arrivée de Dall'Oglio Battles
84%
R Gardien de 2011 à 2021 avec 3 sélections en équipe de France Ruffier
83%
O Prénom de l'entraineur actuel Olivier
82%
W Joueur qui a offert la montée en ligue 1 grâce à son but Wadji
77%
I Prénom du joueur inscrit pour la lettre C Irvin
76%
N Défenseur central formé au club peu utilisé en 1ère partie de saison Nadé
76%
S Meilleur buteur de l'effectif cette saison Sissoko
75%
J Gardien au club durant 16 saisons avec 386 matchs disputés Janot
74%
T Milieu défensif qui a déjà connu une montée en ligue 1 avec Troyes Tardieu
73%
H Joueur du club de 2012 à 2022, il est parti une saison avant de prendre sa retraite à l'été 2023 Hamouma
70%
A Prénom du capitaine actuel Anthony
67%
K Meilleur buteur de l'effectif lors de la saison 2022-2023 Krasso
64%
Z Défenseur central formé au club et parti en 2014 pour l'Angleterre Zouma
63%
E Attaquant de 2013 à 2015, il a notamment joué à Paris et à Rennes avant l'ASSE Erding
62%
M Prénom du meilleur passeur de l'équipe cette saison Mathieu
60%
F Numéro 26 de cette saison Fomba
59%
Y Milieu de terrain formé à Bordeaux et qui évolue maintenant dans le championnat portugais Youssouf
53%
D Ailier prêté au club qui s'est gravement blessé et qui a manqué une grosse partie de la saison Diarra
44%
G Milieu de terrain formé au club qui évolue actuellement à Mayence Guilavogui
44%
V Attaquant hollandais prêté au club lors de la saison 2014-2015 Van Wolfswinkel
37%
Aucun quiz correspondant
Distribution des résultats
% des personnes avec chaque résultat
Percentile par nombre de réponses
Votre historique - résultats
Vous n’avez pas pris ce quiz